Conferencia Internacional de la Técnica Textil : Barcelona 1954 Barcelona 1954
Descripción Física:
[93] ; 19 cm
Materias:
Indústria tèxtil -- Congressos
MARC
| LEADER | 00000nam a2200000Ia 4500 | ||
|---|---|---|---|
| 001 | 23054 | ||
| 008 | 160829s1954 xx 000 0 cat d | ||
| 080 | |a C-3-339 | ||
| 100 | |a Conferencia Internacional de la Técnica Textil (1954 : Barcelona) |9 47211 | ||
| 245 | |a Conferencia Internacional de la Técnica Textil : |b Barcelona 1954 | ||
| 260 | |a Barcelona : |b Imp. Ortega, |c 1954 | ||
| 300 | |a [93] ; |c 19 cm | ||
| 590 | |a Celebrada entre el 27 de setembre i el 2 d'octubre de 1954. | ||
| 590 | |a A la part inferior de la portada: Bajo el alto patrocinio de S. E. el Jefe del Estado Francisco Franco Bahamonde. | ||
| 590 | |a Conté el reglament general, l'horari de les sessions de treball i el programa general. | ||
| 590 | |a Text en castellà, francès i anglès. | ||
| 590 | |a Prové de Q-563, exp. 52 | ||
| 650 | |a Indústria tèxtil |x Congressos |9 47212 | ||
| 901 | |a Arxiu | ||
| 942 | |n 1 | ||
| 952 | |0 0 |1 0 |4 0 |6 C3339 |7 1 |9 53750 |a Arxiu |b Arxiu |d 2016-12-01 |l 0 |o C-3-339 |p 23054 |r 2016-12-01 00:00:00 |w 2016-12-01 |y ARXIU | ||
| 999 | |c 57616 |d 57616 | ||